Good Charts
Na minha lista:
| Autor principal: | |
|---|---|
| Formato: | Livro |
| Publicado em: |
HBR
|
| Tags: |
Sem tags, seja o primeiro a adicionar uma tag!
|
MARC
| LEADER | 00000nam a2200000Ia 4500 | ||
|---|---|---|---|
| 005 | 20260513122049.0 | ||
| 020 | |a 9781633690707 | ||
| 100 | |a Berinato | ||
| 365 | |c Rs. | ||
| 365 | |b 20.00 | ||
| 942 | |c BK | ||
| 245 | |a Good Charts | ||
| 260 | |b HBR | ||
| 999 | |c 20 |d 20 | ||
| 952 | |0 0 |1 0 |4 0 |7 0 |a UNSW |b UNSW |d 2026-05-08 |g 2295.00 |i 16697 |l 0 |p 000149 |r 2026-05-13 12:20:49 |v 2295.00 |w 2026-05-13 |y BK | ||